[Event "DEM U18 2023"]
[Site "Willingen GER"]
[Date "2023.05.28"]
[Round "1"]
[White "Colbow, Collin"]
[Black "Nied, Pascal"]
[Result "1-0"]
[Termination "normal"]
[Board "1"]
[WhiteTitle "FM"]
[WhiteElo "2408"]
[BlackElo "2189"]
[WhiteClock "00:06:07"]
[BlackClock "00:03:28"]
[PlyCount "55"]
[WhiteFideId "16201132"]
[BlackFideId "16260597"]
[EventCountry "GER"]
[EventRounds "9"]
[EventType "swiss"]
[EventDate "2023.05.27"]

1. e4 {[%clk 01:30:56]  [%emt 12:31:00]} 1... e5 {[%clk 01:30:52]} 2. Nf3
{[%clk 01:31:15]} 2... Nc6 {[%clk 01:31:16]} 3. Bb5 {[%clk 01:31:38]} 3... Nf6
{[%clk 01:31:32]} 4. d3 {[%clk 01:31:15]} 4... Bc5 {[%clk 01:31:54]} 5. Bxc6
5... dxc6 {[%clk 01:32:15]} 6. Nbd2 {[%clk 01:31:01]} 6... Be6 {[%clk
01:32:25]} 7. O-O {[%clk 01:28:17]} 7... Bd6 {[%clk 01:30:21]} 8. b3 {[%clk
01:25:22]} 8... Nd7 {[%clk 01:20:16]} 9. Nc4 {[%clk 01:19:59]} 9... Bxc4 10.
dxc4 {[%clk 01:17:22]} 10... Qe7 {[%clk 01:13:53]} 11. a4 {[%clk 01:09:25]}
11... a5 {[%clk 01:08:42]} 12. Qe2 {[%clk 01:05:22]} 12... Nc5 {[%clk 00:56:24]
 [%emt 00:10:50]} 13. Bb2 {[%clk 00:54:58]  [%emt 00:10:55]} 13... O-O {[%clk
00:51:32]  [%emt 00:05:21]} 14. g3 {[%clk 00:43:53]  [%emt 00:11:35]} 14... f6
{[%clk 00:44:52]  [%emt 00:07:10]} 15. Nh4 {[%clk 00:38:01]  [%emt 00:06:22]}
15... g6 {[%clk 00:42:54]  [%emt 00:02:28]} 16. Rae1 {[%clk 00:37:31]  [%emt
00:01:00]} 16... Rae8 {[%clk 00:37:30]  [%emt 00:05:54]} 17. Ng2 {[%clk
00:33:48]  [%emt 00:04:13]} 17... Qe6 {[%clk 00:26:49]  [%emt 00:11:11]} 18.
Qd2 {[%clk 00:17:56]  [%emt 00:16:22]} 18... b6 {[%clk 00:25:34]  [%emt
00:01:44]} 19. Qh6 {[%clk 00:18:08]  [%emt 00:00:19]} 19... Qf7 {[%clk
00:18:33]  [%emt 00:07:31]} 20. Re2 {[%clk 00:16:03]  [%emt 00:02:35]} 20...
Re7 {[%clk 00:12:55]  [%emt 00:06:07]} 21. Rfe1 {[%clk 00:13:52]  [%emt
00:02:42]} 21... Rfe8 {[%clk 00:12:17]  [%emt 00:01:08]} 22. Kh1 {[%clk
00:12:05]  [%emt 00:02:17]} 22... Re6 {[%clk 00:10:01]  [%emt 00:02:46]} 23.
Qh3 {[%clk 00:08:08]  [%emt 00:04:27]} 23... R6e7 {[%clk 00:08:22]  [%emt
00:02:09]} 24. f3 {[%clk 00:07:49]  [%emt 00:00:50]} 24... Ne6 {[%clk 00:07:20]
 [%emt 00:01:30]} 25. Ne3 {[%clk 00:07:48]  [%emt 00:00:32]} 25... Rd7 {[%clk
00:05:42]  [%emt 00:02:08]} 26. f4 {[%clk 00:06:17]  [%emt 00:02:01]} 26... Nd4
{[%clk 00:03:00]  [%emt 00:03:13]} 27. Bxd4 {[%clk 00:05:47]  [%emt 00:01:00]}
27... exd4 {[%clk 00:03:28]  [%emt 00:00:01]} 28. Ng4 {[%clk 00:06:07]  [%emt
00:00:10]} 1-0

[Event "DEM U18 2023"]
[Site "Willingen GER"]
[Date "2023.05.28"]
[Round "1"]
[White "Müller, Magnus"]
[Black "Bilovil, Bogdan"]
[Result "0-1"]
[Termination "normal"]
[Board "2"]
[BlackTitle "FM"]
[WhiteElo "2210"]
[BlackElo "2348"]
[WhiteClock "00:02:00"]
[BlackClock "00:11:11"]
[PlyCount "74"]
[WhiteFideId "16230060"]
[BlackFideId "14168766"]
[EventCountry "GER"]
[EventRounds "9"]
[EventType "swiss"]
[EventDate "2023.05.27"]

1. c4 {[%clk 01:30:29]  [%emt 12:30:58]} 1... Nf6 {[%clk 01:30:23]} 2. g3
{[%clk 01:30:28]} 2... e6 {[%clk 01:30:16]} 3. Bg2 {[%clk 01:30:49]} 3... d5
{[%clk 01:30:44]} 4. Nf3 {[%clk 01:31:12]} 4... Be7 {[%clk 01:30:45]} 5. O-O
{[%clk 01:31:34]} 5... O-O {[%clk 01:30:50]} 6. b3 {[%clk 01:32:01]} 6... d4
{[%clk 01:28:43]} 7. e3 {[%clk 01:32:17]} 7... c5 {[%clk 01:29:06]} 8. Ne5
{[%clk 01:32:40]} 8... Qc7 {[%clk 01:20:01]} 9. f4 {[%clk 01:33:04]} 9... Nfd7
{[%clk 01:14:16]} 10. exd4 10... cxd4 {[%clk 01:14:40]} 11. Nxd7 11... Bxd7
{[%clk 01:11:14]} 12. d3 {[%clk 01:32:31]} 12... Bc6 {[%clk 01:04:45]} 13. Ba3
{[%clk 01:18:18]} 13... Bxg2 14. Kxg2 {[%clk 01:18:30]} 14... Nc6 {[%clk
00:57:33]} 15. Bxe7 {[%clk 01:16:59]  [%emt 00:00:31]} 15... Nxe7 {[%clk
00:57:16]  [%emt 00:00:47]} 16. Na3 {[%clk 01:15:43]  [%emt 00:01:47]} 16...
Nf5 {[%clk 00:56:21]  [%emt 00:01:24]} 17. Nc2 {[%clk 01:16:04]  [%emt
00:00:09]} 17... b5 {[%clk 00:55:50]  [%emt 00:01:01]} 18. Qf3 {[%clk 01:07:34]
 [%emt 00:08:59]} 18... Rfd8 {[%clk 00:49:05]  [%emt 00:07:16]} 19. Rfd1 {[%clk
00:56:07]  [%emt 00:11:56]} 19... Rab8 {[%clk 00:41:23]  [%emt 00:08:28]} 20.
Rd2 {[%clk 00:35:02]  [%emt 00:21:19]} 20... g6 {[%clk 00:23:53]  [%emt
00:18:00]} 21. Kg1 {[%clk 00:22:20]  [%emt 00:13:12]} 21... Qb6 {[%clk
00:21:01]  [%emt 00:03:22]} 22. Qf2 {[%clk 00:18:42]  [%emt 00:04:09]} 22... h5
{[%clk 00:17:50]  [%emt 00:03:41]} 23. Re1 {[%clk 00:15:27]  [%emt 00:03:44]}
23... Rbc8 {[%clk 00:13:04]  [%emt 00:05:16]} 24. Re5 {[%clk 00:12:26]  [%emt
00:03:31]} 24... a6 {[%clk 00:13:08]  [%emt 00:00:27]} 25. Re1 {[%clk 00:06:43]
 [%emt 00:06:12]} 25... Qa5 {[%clk 00:11:40]  [%emt 00:01:58]} 26. Rc1 {[%clk
00:02:56]  [%emt 00:04:18]} 26... Qxa2 {[%clk 00:10:40]  [%emt 00:01:29]} 27.
Nxd4 {[%clk 00:01:25]  [%emt 00:02:01]} 27... Qa3 {[%clk 00:11:01]  [%emt
00:00:09]} 28. Ne2 {[%clk 00:01:28]  [%emt 00:00:27]} 28... Qxb3 {[%clk
00:10:49]  [%emt 00:00:42]} 29. Rc3 {[%clk 00:01:16]  [%emt 00:00:42]} 29...
Qb1+ {[%clk 00:10:11]  [%emt 00:01:08]} 30. Rc1 {[%clk 00:01:40]  [%emt
00:00:07]} 30... Qb4 {[%clk 00:10:32]  [%emt 00:00:08]} 31. Rdc2 {[%clk
00:01:11]  [%emt 00:00:59]} 31... Rxd3 {[%clk 00:10:32]  [%emt 00:00:30]} 32.
c5 {[%clk 00:01:31]  [%emt 00:00:11]} 32... Ne3 {[%clk 00:09:58]  [%emt
00:01:03]} 33. Rc3 {[%clk 00:01:11]  [%emt 00:00:50]} 33... Nd1 {[%clk
00:09:52]  [%emt 00:00:36]} 34. Rxd1 {[%clk 00:00:53]  [%emt 00:00:49]} 34...
Rxd1+ {[%clk 00:10:14]  [%emt 00:00:08]} 35. Kg2 {[%clk 00:01:15]  [%emt
00:00:07]} 35... Qe4+ {[%clk 00:10:35]  [%emt 00:00:07]} 36. Qf3 {[%clk
00:01:36]  [%emt 00:00:11]} 36... Qxf3+ {[%clk 00:10:49]  [%emt 00:00:16]} 37.
Kxf3 {[%clk 00:02:00]  [%emt 00:00:06]} 37... Rd5 {[%clk 00:11:11]  [%emt
00:00:08]} 0-1

[Event "DEM U18 2023"]
[Site "Willingen GER"]
[Date "2023.05.28"]
[Round "1"]
[White "Pubantz, Jan"]
[Black "Chassard, Cedric"]
[Result "1/2-1/2"]
[Termination "normal"]
[Board "3"]
[WhiteElo "2332"]
[BlackElo "2041"]
[WhiteClock "00:02:35"]
[BlackClock "00:04:03"]
[PlyCount "135"]
[WhiteFideId "12996114"]
[BlackFideId "16243536"]
[EventCountry "GER"]
[EventRounds "9"]
[EventType "swiss"]
[EventDate "2023.05.27"]

1. d4 {[%clk 01:30:57]  [%emt 12:30:53]} 1... Nf6 {[%clk 01:30:54]} 2. c4
{[%clk 01:31:22]} 2... e6 {[%clk 01:31:22]} 3. g3 {[%clk 01:31:38]} 3... d5
{[%clk 01:31:46]} 4. Nf3 {[%clk 01:31:57]} 4... Be7 {[%clk 01:32:06]} 5. Bg2
{[%clk 01:32:17]} 5... O-O {[%clk 01:32:30]} 6. O-O {[%clk 01:32:39]} 6... dxc4
{[%clk 01:32:58]} 7. Ne5 {[%clk 01:32:52]} 7... Nc6 8. Bxc6 {[%clk 01:33:14]}
8... bxc6 9. Nxc6 {[%clk 01:33:36]} 9... Qe8 {[%clk 01:34:18]} 10. Nxe7+ 10...
Qxe7 {[%clk 01:34:46]} 11. Qc2 {[%clk 01:34:12]} 11... e5 12. dxe5 {[%clk
01:34:24]} 12... Qxe5 {[%clk 01:35:31]} 13. Re1 {[%clk 01:34:48]} 13... Re8
{[%clk 01:22:12]} 14. Qxc4 {[%clk 01:27:33]} 14... Be6 {[%clk 01:21:19]} 15.
Qf4 {[%clk 01:23:13]} 15... Qh5 {[%clk 01:08:42]} 16. Nc3 {[%clk 01:18:43]}
16... Nd5 {[%clk 01:07:09]} 17. Nxd5 {[%clk 00:58:25]  [%emt 00:11:28]} 17...
Bxd5 {[%clk 01:07:22]  [%emt 00:00:16]} 18. Be3 {[%clk 00:57:13]  [%emt
00:01:43]} 18... Re4 {[%clk 01:02:41]  [%emt 00:05:10]} 19. Qg5 {[%clk
00:53:52]  [%emt 00:03:51]} 19... Qxg5 {[%clk 01:02:26]  [%emt 00:00:46]} 20.
Bxg5 {[%clk 00:54:20]  [%emt 00:00:02]} 20... c5 {[%clk 00:58:40]  [%emt
00:04:16]} 21. f3 {[%clk 00:41:47]  [%emt 00:13:03]} 21... Rc4 {[%clk 00:48:03]
 [%emt 00:11:07]} 22. b3 {[%clk 00:16:34]  [%emt 00:25:43]} 22... Rc2 {[%clk
00:47:52]  [%emt 00:00:41]} 23. Red1 {[%clk 00:15:44]  [%emt 00:01:20]} 23...
Be6 {[%clk 00:47:27]  [%emt 00:00:55]} 24. Rd2 {[%clk 00:11:42]  [%emt
00:04:32]} 24... Rxd2 {[%clk 00:47:25]  [%emt 00:00:32]} 25. Bxd2 {[%clk
00:12:10]  [%emt 00:00:02]} 25... h6 {[%clk 00:42:11]  [%emt 00:05:44]} 26. Rc1
{[%clk 00:08:22]  [%emt 00:04:18]} 26... a5 {[%clk 00:39:37]  [%emt 00:03:04]}
27. Rc3 {[%clk 00:02:41]  [%emt 00:06:11]} 27... a4 {[%clk 00:16:42]  [%emt
00:23:25]} 28. bxa4 {[%clk 00:03:01]  [%emt 00:00:10]} 28... Rxa4 {[%clk
00:16:44]  [%emt 00:00:29]} 29. a3 {[%clk 00:03:24]  [%emt 00:00:06]} 29... Rd4
{[%clk 00:15:54]  [%emt 00:01:19]} 30. Bf4 {[%clk 00:02:49]  [%emt 00:01:06]}
30... Rd1+ {[%clk 00:14:06]  [%emt 00:02:17]} 31. Kf2 {[%clk 00:02:47]  [%emt
00:00:33]} 31... c4 {[%clk 00:13:47]  [%emt 00:00:49]} 32. Bc1 {[%clk 00:01:21]
 [%emt 00:01:56]} 32... Rd6 {[%clk 00:06:56]  [%emt 00:07:20]} 33. Ke3 {[%clk
00:01:50]  [%emt 00:00:02]} 33... Ra6 {[%clk 00:04:29]  [%emt 00:02:56]} 34.
Kd4 {[%clk 00:01:25]  [%emt 00:00:56]} 34... Ra5 {[%clk 00:04:46]  [%emt
00:00:14]} 35. e4 {[%clk 00:01:08]  [%emt 00:00:46]} 35... Kf8 {[%clk 00:04:46]
 [%emt 00:00:26]} 36. g4 {[%clk 00:00:56]  [%emt 00:00:46]} 36... h5 {[%clk
00:02:41]  [%emt 00:02:34]} 37. gxh5 {[%clk 00:00:39]  [%emt 00:00:48]} 37...
Rxh5 {[%clk 00:02:42]  [%emt 00:00:29]} 38. Bf4 {[%clk 00:00:59]  [%emt
00:00:09]} 38... Ke7 {[%clk 00:02:04]  [%emt 00:01:09]} 39. Bg3 {[%clk
00:00:38]  [%emt 00:00:50]} 39... Ra5 {[%clk 00:01:25]  [%emt 00:01:06]} 40.
Bh4+ {[%clk 00:00:34]  [%emt 00:00:38]} 40... Kd6 {[%clk 00:00:34]  [%emt
00:01:20]} 41. f4 {[%clk 00:21:23]  [%emt 00:09:42]} 41... g6 {[%clk 00:29:30] 
[%emt 00:01:30]} 42. Bf6 {[%clk 00:12:40]  [%emt 00:09:16]} 42... Kc6 {[%clk
00:25:07]  [%emt 00:04:54]} 43. h4 {[%clk 00:11:32]  [%emt 00:01:38]} 43... Rb5
{[%clk 00:20:05]  [%emt 00:05:32]} 44. Ke3 {[%clk 00:04:20]  [%emt 00:07:42]}
44... Rb1 {[%clk 00:17:41]  [%emt 00:02:54]} 45. h5 {[%clk 00:02:02]  [%emt
00:02:49]} 45... gxh5 {[%clk 00:16:49]  [%emt 00:01:22]} 46. f5 {[%clk
00:02:24]  [%emt 00:00:08]} 46... Bd7 {[%clk 00:14:31]  [%emt 00:02:47]} 47.
Rxc4+ {[%clk 00:02:48]  [%emt 00:00:08]} 47... Kd6 {[%clk 00:09:13]  [%emt
00:05:47]} 48. Bc3 {[%clk 00:02:00]  [%emt 00:01:17]} 48... Bc6 {[%clk
00:08:25]  [%emt 00:01:19]} 49. Kf4 {[%clk 00:01:06]  [%emt 00:01:24]} 49...
Rg1 {[%clk 00:06:44]  [%emt 00:02:10]} 50. Bb4+ {[%clk 00:00:38]  [%emt
00:00:59]} 50... Kc7 {[%clk 00:06:17]  [%emt 00:00:57]} 51. Ba5+ {[%clk
00:00:46]  [%emt 00:00:22]} 51... Kd6 {[%clk 00:05:08]  [%emt 00:01:32]} 52.
Bb4+ {[%clk 00:00:40]  [%emt 00:00:43]} 52... Kc7 {[%clk 00:05:23]  [%emt
00:00:16]} 53. Ke5 {[%clk 00:00:51]  [%emt 00:00:18]} 53... Rg4 {[%clk
00:05:00]  [%emt 00:00:51]} 54. Ba5+ {[%clk 00:01:20]  [%emt 00:00:03]} 54...
Kb7 {[%clk 00:04:38]  [%emt 00:00:52]} 55. Rb4+ {[%clk 00:01:21]  [%emt
00:00:29]} 55... Kc8 {[%clk 00:04:08]  [%emt 00:01:00]} 56. Rc4 {[%clk
00:00:53]  [%emt 00:00:57]} 56... Kb7 {[%clk 00:04:10]  [%emt 00:00:29]} 57.
Bd8 {[%clk 00:00:36]  [%emt 00:00:47]} 57... h4 {[%clk 00:03:52]  [%emt
00:00:48]} 58. Rb4+ {[%clk 00:00:36]  [%emt 00:00:31]} 58... Kc8 {[%clk
00:03:36]  [%emt 00:00:45]} 59. Kd6 {[%clk 00:00:41]  [%emt 00:00:25]} 59...
Rxe4 {[%clk 00:01:33]  [%emt 00:02:33]} 60. Bxh4 {[%clk 00:00:38]  [%emt
00:00:33]} 60... Rxb4 {[%clk 00:01:29]  [%emt 00:00:35]} 61. axb4 {[%clk
00:01:05]  [%emt 00:00:02]} 61... Kb7 {[%clk 00:01:30]  [%emt 00:00:29]} 62.
Kc5 {[%clk 00:00:50]  [%emt 00:00:45]} 62... Bd7 {[%clk 00:01:53]  [%emt
00:00:06]} 63. f6 {[%clk 00:01:17]  [%emt 00:00:04]} 63... Be6 {[%clk 00:02:21]
 [%emt 00:00:02]} 64. b5 {[%clk 00:00:58]  [%emt 00:00:48]} 64... Ba2 {[%clk
00:02:50]  [%emt 00:00:01]} 65. Bf2 {[%clk 00:01:22]  [%emt 00:00:06]} 65...
Bb3 {[%clk 00:03:15]  [%emt 00:00:05]} 66. b6 {[%clk 00:01:48]  [%emt
00:00:06]} 66... Ba2 {[%clk 00:03:38]  [%emt 00:00:05]} 67. Kd6 {[%clk
00:02:14]  [%emt 00:00:05]} 67... Bb3 {[%clk 00:04:03]  [%emt 00:00:04]} 68.
Ke7 {[%clk 00:02:35]  [%emt 00:00:10]} 1/2-1/2

[Event "DEM U18 2023"]
[Site "Willingen GER"]
[Date "2023.05.28"]
[Round "1"]
[White "Bui, Bao Anh Le"]
[Black "Laux, Dominik"]
[Result "1/2-1/2"]
[Termination "normal"]
[Board "4"]
[BlackTitle "FM"]
[WhiteElo "2136"]
[BlackElo "2297"]
[WhiteClock "00:02:08"]
[BlackClock "00:06:10"]
[PlyCount "55"]
[WhiteFideId "12970719"]
[BlackFideId "12994219"]
[EventCountry "GER"]
[EventRounds "9"]
[EventType "swiss"]
[EventDate "2023.05.27"]

1. e4 {[%clk 01:30:27]  [%emt 12:30:44]} 1... c5 {[%clk 01:30:33]} 2. Nf3
{[%clk 01:30:19]} 2... d6 {[%clk 01:30:29]} 3. Bb5+ {[%clk 01:29:50]} 3... Nd7
{[%clk 01:30:15]} 4. a4 {[%clk 01:29:21]} 4... Ngf6 {[%clk 01:29:05]} 5. Nc3
{[%clk 01:29:19]} 5... e6 {[%clk 01:27:44]} 6. O-O {[%clk 01:26:15]} 6... a6
{[%clk 01:27:52]} 7. Be2 {[%clk 01:26:10]} 7... b6 {[%clk 01:28:12]} 8. d4
{[%clk 01:25:01]} 8... cxd4 9. Qxd4 {[%clk 01:25:02]} 9... Bb7 {[%clk
01:26:47]} 10. Nd2 {[%clk 01:09:33]} 10... d5 {[%clk 00:39:47]  [%emt
00:21:15]} 11. exd5 {[%clk 01:05:02]  [%emt 00:05:00]} 11... Nxd5 {[%clk
00:38:13]  [%emt 00:02:03]} 12. Nxd5 {[%clk 00:54:10]  [%emt 00:11:23]} 12...
Bxd5 {[%clk 00:38:39]  [%emt 00:00:05]} 13. c4 {[%clk 00:54:12]  [%emt
00:00:27]} 13... Bc6 {[%clk 00:36:29]  [%emt 00:02:40]} 14. Bf3 {[%clk
00:52:39]  [%emt 00:02:03]} 14... Qc7 {[%clk 00:33:19]  [%emt 00:03:39]} 15.
Bxc6 {[%clk 00:40:30]  [%emt 00:12:39]} 15... Qxc6 {[%clk 00:33:48]  [%emt
00:00:02]} 16. Nf3 {[%clk 00:39:20]  [%emt 00:01:39]} 16... Nc5 {[%clk
00:29:13]  [%emt 00:05:06]} 17. Ne5 {[%clk 00:29:58]  [%emt 00:09:52]} 17...
Qb7 {[%clk 00:27:05]  [%emt 00:02:38]} 18. Qe3 {[%clk 00:19:01]  [%emt
00:11:26]} 18... Bd6 {[%clk 00:23:01]  [%emt 00:04:34]} 19. b4 {[%clk 00:15:09]
 [%emt 00:04:23]} 19... Bxe5 {[%clk 00:17:24]  [%emt 00:06:07]} 20. Qxe5 {[%clk
00:15:07]  [%emt 00:00:32]} 20... Nd3 {[%clk 00:17:30]  [%emt 00:00:24]} 21.
Qc3 {[%clk 00:12:32]  [%emt 00:03:04]} 21... Nxc1 {[%clk 00:16:00]  [%emt
00:02:01]} 22. Rfxc1 {[%clk 00:09:46]  [%emt 00:03:15]} 22... O-O {[%clk
00:16:19]  [%emt 00:00:10]} 23. Ra2 {[%clk 00:08:59]  [%emt 00:01:18]} 23...
Rfd8 {[%clk 00:15:40]  [%emt 00:01:08]} 24. h3 {[%clk 00:07:52]  [%emt
00:01:37]} 24... h6 {[%clk 00:13:03]  [%emt 00:03:08]} 25. a5 {[%clk 00:04:23] 
[%emt 00:04:00]} 25... Rab8 {[%clk 00:07:29]  [%emt 00:06:03]} 26. axb6 {[%clk
00:02:13]  [%emt 00:02:40]} 26... Qxb6 {[%clk 00:07:52]  [%emt 00:00:07]} 27.
Ra4 {[%clk 00:01:55]  [%emt 00:00:48]} 27... Qc6 {[%clk 00:06:10]  [%emt
00:02:12]} 28. Ra5 {[%clk 00:02:08]  [%emt 00:00:17]} 1/2-1/2

[Event "DEM U18 2023"]
[Site "Willingen GER"]
[Date "2023.05.28"]
[Round "1"]
[White "Gallasch, Jonas"]
[Black "Pikalow, Michael"]
[Result "1/2-1/2"]
[Termination "normal"]
[Board "5"]
[WhiteTitle "FM"]
[WhiteElo "2296"]
[BlackElo "2147"]
[WhiteClock "00:03:59"]
[BlackClock "00:01:37"]
[PlyCount "124"]
[WhiteFideId "16222474"]
[BlackFideId "16227638"]
[EventCountry "GER"]
[EventRounds "9"]
[EventType "swiss"]
[EventDate "2023.05.27"]

1. d4 {[%clk 01:30:58]  [%emt 00:00:01]} 1... Nf6 {[%clk 01:30:50]  [%emt
00:00:10]} 2. c4 {[%clk 01:31:24]  [%emt 00:00:04]} 2... c5 {[%clk 01:31:17] 
[%emt 00:00:03]} 3. d5 {[%clk 01:31:48]  [%emt 00:00:05]} 3... b5 {[%clk
01:31:46]  [%emt 00:00:01]} 4. cxb5 {[%clk 01:32:11]  [%emt 00:00:07]} 4... a6
{[%clk 01:32:12]  [%emt 00:00:05]} 5. bxa6 {[%emt 00:06:10]} 5... Bxa6 {[%emt
00:04:55]} 6. Nc3 {[%emt 00:02:09]} 6... g6 {[%clk 01:23:39]  [%emt 00:01:16]}
7. Nf3 {[%emt 00:01:56]} 7... d6 {[%emt 00:04:01]} 8. e4 {[%clk 01:27:58] 
[%emt 00:00:01]} 8... Qa5 {[%emt 00:16:07]} 9. Bxa6 {[%clk 01:04:24]  [%emt
00:08:56]} 9... Qxa6 {[%clk 01:19:10]  [%emt 00:00:19]} 10. Qe2 {[%clk
01:04:38]  [%emt 00:11:44]} 10... Bg7 {[%clk 01:05:54]  [%emt 00:02:16]} 11. a4
{[%clk 00:50:59]  [%emt 00:14:09]} 11... O-O {[%clk 01:03:20]  [%emt 00:03:04]}
12. Nb5 {[%clk 00:44:03]  [%emt 00:07:25]} 12... Nbd7 {[%clk 01:00:58]  [%emt
00:02:52]} 13. Ra3 {[%emt 00:14:48]} 13... Nb6 {[%clk 00:50:18]  [%emt
00:01:56]} 14. Nd2 {[%clk 00:33:50]  [%emt 00:05:39]} 14... Qa5 {[%clk
00:33:39]  [%emt 00:17:10]} 15. b3 {[%clk 00:20:25]  [%emt 00:13:55]} 15... c4
{[%clk 00:30:19]  [%emt 00:03:51]} 16. O-O {[%clk 00:12:27]  [%emt 00:08:27]}
16... cxb3 {[%clk 00:26:29]  [%emt 00:04:20]} 17. Bb2 {[%clk 00:08:59]  [%emt
00:03:58]} 17... Rfc8 {[%clk 00:23:13]  [%emt 00:03:46]} 18. Nd4 {[%clk
00:04:41]  [%emt 00:04:47]} 18... Kf8 {[%clk 00:04:26]  [%emt 00:19:18]} 19.
Nc6 {[%clk 00:03:58]  [%emt 00:01:13]} 19... Qa6 {[%clk 00:04:15]  [%emt
00:00:41]} 20. Qxa6 {[%clk 00:04:17]  [%emt 00:00:11]} 20... Rxa6 {[%clk
00:04:44]  [%emt 00:00:01]} 21. a5 {[%clk 00:01:13]  [%emt 00:03:34]} 21...
Nbd7 {[%clk 00:04:42]  [%emt 00:00:31]} 22. Nb4 {[%clk 00:01:11]  [%emt
00:00:32]} 22... Raa8 {[%clk 00:04:20]  [%emt 00:00:53]} 23. Rc1 {[%clk
00:00:37]  [%emt 00:01:04]} 23... Rxc1+ {[%clk 00:02:55]  [%emt 00:01:54]} 24.
Bxc1 {[%clk 00:01:05]  [%emt 00:00:02]} 24... Nxe4 {[%clk 00:03:08]  [%emt
00:00:17]} 25. Nxe4 {[%clk 00:00:39]  [%emt 00:00:57]} 25... b2 {[%clk
00:01:11]  [%emt 00:02:27]} 26. Bxb2 {[%clk 00:01:08]  [%emt 00:00:01]} 26...
Bxb2 {[%clk 00:01:40]} 27. Ra2 {[%clk 00:01:28]  [%emt 00:00:10]} 27... Bd4
{[%clk 00:01:13]  [%emt 00:00:57]} 28. Nc6 {[%clk 00:01:38]  [%emt 00:00:20]}
28... Bc5 {[%clk 00:00:46]  [%emt 00:00:57]} 29. Nc3 {[%clk 00:01:19]  [%emt
00:00:49]} 29... Nb8 {[%clk 00:00:48]  [%emt 00:00:28]} 30. Rb2 {[%clk
00:01:09]  [%emt 00:00:39]} 30... Nxc6 {[%clk 00:00:33]  [%emt 00:00:46]} 31.
dxc6 {[%clk 00:01:38]  [%emt 00:00:01]} 31... Rc8 {[%clk 00:00:40]  [%emt
00:00:22]} 32. Nd5 {[%clk 00:01:12]  [%emt 00:00:56]} 32... Rxc6 {[%clk
00:00:42]  [%emt 00:00:28]} 33. Rb8+ {[%clk 00:01:26]  [%emt 00:00:16]} 33...
Kg7 {[%clk 00:01:10]  [%emt 00:00:02]} 34. Nxe7 {[%clk 00:01:08]  [%emt
00:00:48]} 34... Ra6 {[%clk 00:01:08]  [%emt 00:00:32]} 35. Rb5 {[%clk
00:01:37]  [%emt 00:00:02]} 35... Kf6 {[%clk 00:00:53]  [%emt 00:00:45]} 36.
Nd5+ {[%clk 00:01:21]  [%emt 00:00:45]} 36... Ke5 {[%clk 00:01:21]  [%emt
00:00:02]} 37. Nb6 {[%clk 00:01:42]  [%emt 00:00:09]} 37... Ke6 {[%clk
00:01:09]  [%emt 00:00:43]} 38. Kf1 {[%clk 00:01:55]  [%emt 00:00:17]} 38...
Bxb6 {[%clk 00:01:01]  [%emt 00:00:38]} 39. axb6 {[%clk 00:02:23]  [%emt
00:00:01]} 39... Ra8 {[%clk 00:01:30]} 40. Ke2 {[%clk 00:00:34]  [%emt
00:02:20]} 40... Kd7 {[%clk 00:01:38]  [%emt 00:00:21]} 41. Rb3 {[%clk
00:25:39]  [%emt 00:05:25]} 41... Kc6 {[%clk 00:30:18]  [%emt 00:01:50]} 42.
Rf3 {[%clk 00:25:03]  [%emt 00:01:07]} 42... Re8+ {[%clk 00:26:32]  [%emt
00:04:16]} 43. Kd3 {[%clk 00:13:43]  [%emt 00:11:50]} 43... Re7 {[%clk
00:26:18]  [%emt 00:00:44]} 44. Kd4 {[%clk 00:11:54]  [%emt 00:02:19]} 44...
Kxb6 {[%clk 00:22:02]  [%emt 00:04:46]} 45. Rf6 {[%clk 00:08:04]  [%emt
00:04:20]} 45... Kc6 {[%clk 00:20:10]  [%emt 00:02:22]} 46. g3 {[%clk 00:05:31]
 [%emt 00:03:03]} 46... Ra7 {[%clk 00:16:17]  [%emt 00:04:23]} 47. h4 {[%clk
00:03:59]  [%emt 00:02:01]} 47... h5 {[%clk 00:16:27]  [%emt 00:00:20]} 48. Kc4
{[%clk 00:04:22]  [%emt 00:00:07]} 48... Rc7 {[%clk 00:13:12]  [%emt 00:03:45]}
49. Kd4 {[%clk 00:04:41]  [%emt 00:00:11]} 49... Re7 {[%clk 00:13:40]  [%emt
00:00:02]} 50. Kc4 {[%clk 00:03:31]  [%emt 00:01:41]} 50... Re4+ {[%clk
00:06:07]  [%emt 00:08:02]} 51. Kd3 {[%clk 00:03:56]  [%emt 00:00:05]} 51...
Re7 {[%clk 00:06:33]  [%emt 00:00:05]} 52. Kc4 {[%clk 00:04:21]  [%emt
00:00:04]} 52... Ra7 {[%clk 00:06:40]  [%emt 00:00:23]} 53. Kd4 {[%clk
00:04:01]  [%emt 00:00:50]} 53... Ra4+ {[%clk 00:03:08]  [%emt 00:04:02]} 54.
Kd3 {[%clk 00:03:46]  [%emt 00:00:45]} 54... Kc5 {[%clk 00:01:28]  [%emt
00:02:11]} 55. Rxf7 {[%clk 00:04:03]  [%emt 00:00:13]} 55... Ra3+ {[%clk
00:01:44]  [%emt 00:00:13]} 56. Kd2 {[%clk 00:03:36]  [%emt 00:00:57]} 56... d5
{[%clk 00:02:07]  [%emt 00:00:08]} 57. Rf4 {[%clk 00:03:19]  [%emt 00:00:47]}
57... Ra2+ {[%clk 00:02:02]  [%emt 00:00:35]} 58. Kd3 {[%clk 00:03:43]  [%emt
00:00:06]} 58... Ra3+ {[%clk 00:02:29]  [%emt 00:00:03]} 59. Kd2 {[%clk
00:04:04]  [%emt 00:00:08]} 59... d4 {[%clk 00:01:48]  [%emt 00:01:11]} 60. Rf8
{[%clk 00:03:13]  [%emt 00:01:21]} 60... Ra2+ {[%clk 00:01:56]  [%emt
00:00:24]} 61. Kd3 {[%clk 00:03:35]  [%emt 00:00:07]} 61... Ra3+ {[%clk
00:02:24]  [%emt 00:00:02]} 62. Kd2 {[%clk 00:03:59]  [%emt 00:00:05]} 62...
Ra2+ {[%clk 00:01:37]  [%emt 00:01:17]} 1/2-1/2